00901nas a2200277Ia 4500001001200000003001000012008004100022040002500063041001300088100001900101210001000120222001000130245002500140250001100165260000900176501012300185300001400308362001800322500004200340650003000382700001100412942000700423957000600430999003300436952015400469dd38-52533 IT-MiCISF161014c99999999xx |||||||||||| ||und|| aIT-MiCISFcIT-MiCISF aITALIANO aNovara Daniele aRocca aRocca 0aIl padre in panchina a1a ed. c2014 bCISF - Centro Internazionale Studi Famiglia - Via Giotto, 36 20145 MILANO (non commercial uses only)cCopyright 2016 app. 43-45 a n. 14 [2014] a Tema: paternità€, figli-adolescenti agenitorialità€varticolo aAA.VV. cCR 71 a52533bSig1c219027d219027 0010406DD_385253371aCISFbCISFd2016-10-14l0odd38-52533 r2016-10-14 00:00:00w2016-10-14yCRzData import 15.10.2016 / by Epidotti, Vaglietti